000 00690nam a2200265Ia 4500
003 OSt
005 20221006151129.0
006 a|||||r|||| 00| 0
007 ta
008 221006b |||||||| |||| 00| 0 jpn d
020 _c¥300
024 _a21,034
037 _bGift, Japan Foundation
_cTextual
040 _aEASL
_cEASL
_bjpn
041 _2jpn
_ajpn
082 _a1008231 & 84
100 _aSHIROYAMA Saburo
245 0 _aShiroyama
260 _aTokyo
_bKadokawa Bunko Japan
_c1979
300 _a215p.
_ccm.
490 _v JL
650 _aJL
942 _h1008231 & 84
_cTEXL
_2CC
999 _c1089120
_d1089120